Handfuls on purpose: (Record no. 1466)

000 -LEADER
fixed length control field 00692nam a2200205 a 4500
001 - CONTROL NUMBER
control field :::00017651$&:&@@
003 - CONTROL NUMBER IDENTIFIER
control field OkBaRHE
005 - DATE AND TIME OF LATEST TRANSACTION
control field 20100326164749.0
008 - FIXED-LENGTH DATA ELEMENTS--GENERAL INFORMATION
fixed length control field s1986 j 000 0 eng u
040 ## - CATALOGING SOURCE
Transcribing agency
100 1# - MAIN ENTRY--PERSONAL NAME
Personal name Smith, James.
245 10 - TITLE STATEMENT
Title Handfuls on purpose:
Remainder of title for Christian workers and Bible students; vol. 2.
260 ## - PUBLICATION, DISTRIBUTION, ETC. (IMPRINT)
Place of publication, distribution, etc Grand Rapids, MI., :
Name of publisher, distributor, etc William B. Eerdmans Publishing Company
Date of publication, distribution, etc 1986
300 ## - PHYSICAL DESCRIPTION
Extent v. <1-6> ;
Dimensions 22 cm.
650 ## - SUBJECT ADDED ENTRY--TOPICAL TERM
Topical term or geographic name as entry element Bible
General subdivision Commentaries
650 ## - SUBJECT ADDED ENTRY--TOPICAL TERM
Topical term or geographic name as entry element Expository Preaching
General subdivision Outlines
650 ## - SUBJECT ADDED ENTRY--TOPICAL TERM
Topical term or geographic name as entry element Preaching
General subdivision Outlines
942 ## - ADDED ENTRY ELEMENTS (KOHA)
Source of classification or shelving scheme
Koha item type Books
Copies
Source of classification or shelving scheme Permanent Location Koha item type Damaged status Price effective from Shelving location Lost status Full call number Barcode Not for loan Withdrawn status Collection code Date last seen Copy number Date acquired
 RHEMA Bible Training CollegeBooks 2010-04-14General Stacks BS 491 .S1217651  Reference2010-04-1412010-04-14